El mundo animal para niños / (Record no. 15505)

000 -CABECERA
fixed length control field 00765nam a22002177a 4500
003 - IDENTIFICADOR DEL NÚMERO DE CONTROL
control field AR-CdUCM
008 - DATOS DE LONGITUD FIJA--INFORMACIÓN GENERAL
fixed length control field 190427b ||||| |||| 00| 0 spa d
040 ## - FUENTE DE LA CATALOGACIÓN
Agencia/entidad que catalogó originalmente la obra MUNICIPALIDAD PROVINCIAL DEL CUSCO
Entidad que transcribió la catalogación BIBLIOTECA MUNICIPAL DEL CUSCO
082 ## - NÚMERO DE LA CLASIFICACIÓN DECIMAL DEWEY
No. de Clasificación 790 /
Notacion interna H19 / 1917
100 ## - ENTRADA PRINCIPAL--NOMBRE DE PERSONA
Nombre Personal Hamer, S. H.
245 ## - MENCIÓN DE TÍTULO
Título El mundo animal para niños /
260 ## - PUBLICACIÓN, DISTRIBUCIÓN, ETC.
Lugar de publicación, distribución, etc. Barcelona :
Nombre de la editorial, distribuidor, etc. Ramón Sopena,
Fecha de publicación, distribución, etc. 1917.
300 ## - DESCRIPCIÓN FÍSICA
Nº de Páginas Extensión 61 páginas ;
Otros detalles físicos Ilustraciones,
Dimensiones 25 cm.
440 ## - MENCIÓN DE SERIE/PUNTO DE ACCESO ADICIONAL--TÍTULO
Título Biblioteca para niños ;
9 (RLIN) 34600
505 ## - NOTA DE CONTENIDO CON FORMATO
Nota de contenido formateada Contenido: El mundo animal para niños -- Leones y tigres -- El hirax -- Monos y micos -- El mejor antílope ...
650 ## - PUNTO DE ACCESO ADICIONAL DE MATERIA--TÉRMINO DE MATERIA
Descriptor Zoología
9 (RLIN) 18986
650 ## - PUNTO DE ACCESO ADICIONAL DE MATERIA--TÉRMINO DE MATERIA
Descriptor Fauna
9 (RLIN) 25064
650 ## - PUNTO DE ACCESO ADICIONAL DE MATERIA--TÉRMINO DE MATERIA
Descriptor Naturaleza
9 (RLIN) 4241
942 ## - ELEMENTOS DE PUNTO DE ACCESO ADICIONAL (KOHA)
Fuente de clasificación
Tipo de item Libros-BMC
945 ## - PROCESAMIENTO DE INFORMACIÓN LOCAL (OCLC)
Catalogador acv
AAAA-MM-DD - Fecha de ingreso o modificacion 2019-04-27
Holdings
Estado de retiro (separado) Fuente de clasificación o esquema de estanterías Estado dañado Ubicación Sala donde se ubica Nombre de la colección Fecha de adquisición o compra Costo, precio normal en soles Signatura topográfica Código de Barras Última vez visto (Koha) Tipo de ítem (Koha)
No     Sala Cusco Antiguo Sala Cusco Antiguo Book Cart 2019-04-27 30.00 790 / H19 / 1917 SCA0003515 2019-04-27 Libros-BMC

Powered by Koha